000 00543nam a2200181Ia 4500
001 21388
005 20260306172915.0
008 260306t2007||||xx |||||||||||||| ||spa||
041 _aESP
082 _a344.83
_bC76
100 _aCongreso Internacional de Medio Ambiente y Derecho Ambiental
_eAUT
245 0 _a1er. Congreso Internacional de Medio Ambiente y Derecho Ambiental:
_bcompendio de ponencias desarrolladas
260 _c2007
300 _a398 páginas :
_c24 cm.
650 _aGEN
654 _aCDE
942 _cLIB
_dJUS
_fJUS
_2ddc
_n
999 _c21388
_d21388